Sports Quiz

Random Sports or NFL Quiz
Score 0/20 Timer 06:00
0 Plays Today
TDs NFL Player % Correct
208Jerry Rice
99%
175Emmitt Smith
97.1%
158LADAINIAN TOMLINSON
91.7%
153RANDY MOSS
88.3%
149TERRELL OWENS
87.9%
126Jim Brown
85.4%
105Tim Brown
85.4%
109Barry Sanders
84%
125Walter Payton
83.5%
136Marshall Faulk
69.9%
TDs NFL Player % Correct
100Curtis Martin
69.9%
100Franco Harris
67%
112Shaun Alexander
66.5%
131Cris Carter
64.6%
145Marcus Allen
61.2%
128Marvin Harrison
60.2%
101Steve Largent
48.5%
116John Riggins
40.8%
113Lenny Moore
16.5%
105Don Hutson
16%
Remove Ads.
Support Sporcle.
Get the best of Sporcle when you Go Orange. This ad-free experience offers more features, more stats, and more fun while also helping to support Sporcle. Thank you for becoming a member.

You're not logged in!

Compare scores with friends on all Sporcle quizzes.
OR
Log In

Show Comments

Extras

Top Quizzes Today


Score Distribution

Your Account Isn't Verified!

In order to create a playlist on Sporcle, you need to verify the email address you used during registration. Go to your Sporcle Settings to finish the process.

Report this User

Report this user for behavior that violates our Community Guidelines.

Details: